MARC details
| 000 -LÍDER |
| campo de controle de tamanho fixo |
01683nam a22003377a 4500 |
| 001 - NÚMERO DE CONTROLE |
| campo de controle |
336 |
| 003 - IDENTIFICADOR DO NÚMERO DE CONTROLE |
| campo de controle |
OSt |
| 005 - DATA E HORÁRIO DA ÚLTIMA TRANSAÇÃO |
| campo de controle |
20250528074018.0 |
| 008 - CAMPO DE DADOS FIXOS--INFORMAÇÃO GERAL |
| campo de controle de tamanho fixo |
250328b |||||||e |||| 00| 1 eng d |
| 040 ## - FONTE DA CATALOGAÇÃO |
| Idioma da catalogação |
por |
| 041 ## - CÓDIGO DE IDIOMA |
| Código do idioma do original e/ou traduções intermediárias do texto |
eng |
| Código do idioma do texto/trilha sonora ou título diferente |
por |
| 082 ## - CDD - CLASSIFICAÇÃO DECIMAL DE DEWEY |
| Número de Classificação |
823 |
| Número do exemplar |
G799n |
| 100 1# - ENTRADA PRINCIPAL--NOME PESSOAL |
| Nome pessoal |
Greene, Graham, |
| Datas associadas ao nome |
1904-1991. |
| 9 (RLIN) |
698 |
| 240 ## - TÍTULO UNIFORME |
| Título uniforme |
Our man in Havana |
| 245 ## - TÍTULO |
| Título |
Nosso homem em Havana / |
| Indicação de responsabilidade, etc. |
Greene, Graham ; Tradução de Brenno Silveira |
| 260 ## - PUBLICAÇÃO, DISTRIBUIÇÃO, ETC. |
| Local de publicação, distribuição, etc. |
São Paulo |
| Nome do editor, distribuidor, etc. |
Abril |
| Data da publicação, distribuição, etc. |
1972 |
| 300 ## - DESCRIÇÃO FÍSICA |
| Extensão |
283 p. |
| 490 1# - TÍTULO DA SÉRIE |
| Título da série |
Os imortais da Literatura Universal |
| Número do volume ou designação sequencial da série |
vol. 41 |
| 520 ## - NOTA DE RESUMO, ETC. |
| Resumo, etc. |
Neste livro, publicado em 1958, Graham Greene (1904-1991) adota um tom satírico para falar sobre um tema recorrente em sua obra - o do espião em terra estrangeira. Neste caso, a experiência como agente do Serviço Secreto Britânico permitiu ao escritor situar suas tramas em lugares reais - restando sempre a dúvida de onde começa e termina a ficção. Em Nosso Homem em Havana, Greene descreve o ambiente da Cuba pré-revolução, revelando uma rede de intrigas e um ambiente paranóico que mostra o esquema - muitas vezes absurdo - das relações internacionais. A história se transformou num grande filme noir em 1959, nas mãos do diretor Carol Reed, que captou perfeitamente o clima tropical da Havana de Greene. |
| 650 #0 - ASSUNTO--TERMO TÓPICO |
| Cabeçalho tópico ou nome geográfico |
Literatura Inglesa |
| 9 (RLIN) |
89 |
| 650 #0 - ASSUNTO--TERMO TÓPICO |
| Cabeçalho tópico ou nome geográfico |
Crime e Investigação |
| 9 (RLIN) |
13 |
| 650 #0 - ASSUNTO--TERMO TÓPICO |
| Cabeçalho tópico ou nome geográfico |
Espionagem |
| 9 (RLIN) |
699 |
| 650 #0 - ASSUNTO--TERMO TÓPICO |
| Cabeçalho tópico ou nome geográfico |
Histórico |
| 9 (RLIN) |
53 |
| 650 #0 - ASSUNTO--TERMO TÓPICO |
| Cabeçalho tópico ou nome geográfico |
Clássicos |
| 9 (RLIN) |
77 |
| 650 #0 - ASSUNTO--TERMO TÓPICO |
| Cabeçalho tópico ou nome geográfico |
Filme |
| 9 (RLIN) |
26 |
| 655 #0 - TERMO DE ÍNDICE--GÊNERO E FORMA |
| Gênero/forma/ou termo foco |
Romance |
| 655 #0 - TERMO DE ÍNDICE--GÊNERO E FORMA |
| Gênero/forma/ou termo foco |
Ficção |
| 700 ## - ENTRADA ADICIONADA - NOME PESSOAL |
| Nome pessoal |
Brenno SIlveira |
| Datas associadas ao nome |
1911- |
| Função do autor por extenso |
TRADUTOR |
| 9 (RLIN) |
647 |
| 830 ## - ENTRADA SECUNDÁRIA DE SÉRIE--TÍTULO UNIFORME |
| Título uniforme |
Os Imortais da Literatura Universal |
| 9 (RLIN) |
461 |
| Número do volume ou designação sequencial da série |
vol. 41 |
| 942 ## - ELEMENTOS DE ENTRADA ADICIONADOS (KOHA) |
| Fonte de classificação ou esquema de arquivamento |
Classificação decimal de Dewey |
| Ocultar no OPAC |
Não |
| Tipo de material Koha |
Livros |